|
|
|
|
| LEADER |
00885cam a2200241 7i4500 |
| 001 |
0000036447 |
| 005 |
20210118090000.0 |
| 007 |
##ta |
| 008 |
201118s2017 enka eng |
| 020 |
# |
# |
|a 9781849288354
|
| 040 |
# |
# |
|a MATR
|
| 090 |
0 |
0 |
|a E.U 342.730858
|b EU
|
| 245 |
0 |
0 |
|a EU General Data Protection Regulation (GDPR) :
|b An Implementation and Compliance Guide /
|c IT Governance Privacy Team.
|
| 250 |
0 |
0 |
|a Second edition.
|
| 264 |
# |
4 |
|a ♭2017.
|
| 264 |
# |
1 |
|a Ely, Cambridgeshire, United Kingdom:
|b IT Governance Publishing,
|c 2017.
|
| 300 |
# |
# |
|a xii, 388 pages:
|b illustrations;
|c 22 cm.
|
| 336 |
# |
# |
|a text
|2 rdacontent
|
| 337 |
# |
# |
|a unmediated
|2 rdamedia
|
| 338 |
# |
# |
|a volume
|2 rdacarrier
|
| 504 |
# |
# |
|a Includes bibliographical references and index
|
| 650 |
# |
0 |
|a Data protection --
|x Law and legislation --
|z European Union countries
|
| 999 |
|
|
|a B000041222
|b Book
|c Book
|e Business Information Centre
|